000 00366nam a2200133Ia 4500
008 151001s9999||||xx |||||||||||||| ||und||
100 _aके वि बेलसरे
245 _aआनंद साधना
250 _a1
260 _bबुकसेलर्स आणि पब्लिशर्स&
260 _c1970
300 _a160
365 _b5.5
999 _c954754
_d954751